Constitucionalismo más allá del estado /

Detalles Bibliográficos
Autor principal: Ferrajoli, Luigi (Autor)
Otros Autores: Ibáñez, Perfecto Andrés, 1943- (Traductor)
Formato: Electrónico eBook
Lenguaje:español
italiano
Publicado: [Madrid] : Editorial Trotta, [2018]
Colección:Colección Estructuras y procesos. Serie Derecho.
Materias:
Acceso en línea:Digitalia Hispánica

MARC

LEADER 00000nam a2200000 i 4500
001 DIGTRO0308
003 NyNyDIG
007 cr |||||||||||
008 240819s2018 sp ob 001 0 spa d
006 m o d
035 |a (OCoLC)1281981806 
040 |a DGITA  |b eng  |e rda  |e pn  |c DGITA 
020 |a 9788413642437  |q (edición digital e-pub) 
020 |z 9788498797633 
041 1 |a spa  |h ita 
050 1 4 |a K3165 ebook 
100 1 |a Ferrajoli, Luigi,  |e author. 
240 1 0 |a Costituzionalismo oltre lo Stato.  |l Spanish  |s (Ibáñez) 
245 1 0 |a Constitucionalismo más allá del estado /  |c Luigi Ferrajoli ; traducción de Perfecto Andrés Ibáñez. 
264 1 |a [Madrid] :  |b Editorial Trotta,  |c [2018] 
300 |a 1 online resource. 
336 |a text  |b txt  |2 rdacontent 
337 |a computer  |b c  |2 rdamedia 
338 |a online resource  |b cr  |2 rdacarrier 
347 |a text file  |2 rdaft 
347 |b PDF 
347 |b EPUB 
490 1 |a Colección Estructuras y procesos. Serie Derecho 
504 |a Includes bibliographical references and index. 
588 0 |a Online resource; title from ePub title page (Digitalia, viewed August 19, 2024) 
650 0 |a Constitutional law. 
700 1 |a Ibáñez, Perfecto Andrés,  |d 1943-  |e translator. 
700 1 |i Translation of:  |a Ferrajoli, Luigi.  |t Costituzionalismo oltre lo Stato. 
791 2 |a Digitalia (Firm),  |e distributor. 
793 0 |g Digitalia eBook Collection:  |a Trotta Editorial 
776 0 8 |i Print version:  |a Ferrajoli, Luigi.  |s Costituzionalismo oltre lo Stato. Spanish (Ibáñez).  |t Constitucionalismo más allá del estado.  |b Primera edición, primera reimpresión, 2024.  |d Madrid : Editorial Trotta, [2018]  |z 9788498797633 
830 0 |a Colección Estructuras y procesos.  |p Serie Derecho. 
856 4 0 |3 Digitalia Hispánica  |u https://www.digitaliapublishing.com/a/156397/ 
910 |a Premium collection: 2024